| 000 | 01571cam a2200325 4500 | ||
|---|---|---|---|
| 001 | 4409 | ||
| 005 | 20181127173335.0 | ||
| 008 | 111003s2010 nyuab 001 0 eng d | ||
| 010 | _a 2011410313 | ||
| 020 | _a0061930059 | ||
| 020 | _a9780061930058 | ||
| 020 | _a9780062049858 (international ed.) | ||
| 043 | _aa-np--- | ||
| 100 | 1 | _aGrennan, Conor. | |
| 245 | 1 | 0 |
_aLittle princes : _bone man's promise to bring home the lost children of Nepal / _cConor Grennan. |
| 250 | _a1st ed. | ||
| 260 |
_aNew York : _bWilliam Morrow & Co., _cc2010. |
||
| 300 |
_a308 p., [16] p. of plates : _bcol. ill., map ; _c24 cm. |
||
| 500 | _aIncludes index. | ||
| 500 | _aMap on endpapers. | ||
| 505 | 0 | _aA note on the crisis in Nepal -- The little princes: November 2004-January 2005 -- Around the world and back: January 2005-January 2006 -- Seven needles in a haystack: April 2006-November 2006 -- Into the mountains: November 2006-December 2006 -- Liz: December 2006-September 2007 -- About next generation Nepal | |
| 520 | _aDescribes how the author's three-month service as a volunteer at the Little Princes Orphanage in war-torn Nepal became a commitment for advocacy and reform when he discovered that many of his young charges were victims rescued from human traffickers. | ||
| 600 | 1 | 0 |
_aGrennan, Conor _xTravel _zNepal. |
| 600 | 1 | 7 |
_aGrennan, Conor. _2sears |
| 650 | 0 |
_aChild trafficking _zNepal. |
|
| 650 | 0 |
_aOrphanages _zNepal. |
|
| 650 | 7 |
_aHuman trafficking. _2sears |
|
| 650 | 7 |
_aOrphanages _zNepal. _2sears |
|
| 651 | 0 |
_aNepal _xSocial conditions _y21st century. |
|
| 999 |
_c3646 _d3646 |
||